000
00326nam a2200145 a 4500
008
990922s1974||||xx 0 und c
040
_a
SNK
_b
slo
_c
SNK
_e
AACR2
100
1
_a
Debris, J. P.
245
1
0
_a
Žalujeme
260
_a
Bratislava
_b
Pravda
_c
1974
300
_a
157 s.
020
_c
6
044
_a
xo
_c
SK
041
_a
slo
999
_c
10435
_d
10435